Every LEGO Marvel Super Heroes Minifigure Released in 2014 - Statistics

General Stats
  • This quiz has been taken 19 times
  • The average score is 23 of 26
Answer Stats
Set Name # Answer % Correct
[...] vs. Hydra 76017 Captain America
100%
The Milano Spaceship Rescue 76021 Drax the Destroyer
100%
Knowhere Escape Mission 76020 Groot
100%
Hulk Lab Smash 76018 Hulk
100%
Captain America vs. Hydra 76017 Red Skull
100%
Knowhere Escape Mission 76020 Rocket Raccoon
100%
Spider-Trike vs. [...] 76014 Spider-Man
100%
Starblaster Showdown 76019 Star-Lord
100%
Hulk Lab Smash 76018 Thor
100%
X-Men vs. The Sentinel 76022 Cyclops
92%
[...] Lab Smash 76018 Falcon
92%
The Milano Spaceship Rescue 76021 Gamora
92%
The Milano Spaceship Rescue 76021 Ronan the Accuser
92%
X-Men vs. The Sentinel 76022 Storm
92%
[...] Truck Heist 76015 Doctor Octopus
83%
Spider-Helicopter Rescue 76016 Green Goblin
83%
X-Men vs. The Sentinel 76022 Magneto
83%
Spider-Helicopter Rescue 76016 Mary Jane Watson
83%
Hulk Lab Smash 76018 M.O.D.O.K.
83%
Knowhere Escape Mission 76020 Nebula
83%
Spider-Car Pursuit 10665 Venom
83%
X-Men vs. The Sentinel 76022 Wolverine
83%
Spider-Trike vs. [...] 76014 Electro
67%
Spider-Helicopter Rescue 76016 Power Man
67%
Hulk Lab Smash 76018 Taskmaster
58%
Comic-Con Exclusives X The Collector
50%
No matching quizzes found
Score Distribution
Percent of People with Each Score
Percentile by Number Answered
Your Score History
You have not taken this quiz